Η ελευθερία ενώπιον του θανάτου
Saved in:
| Main Author: | |
|---|---|
| Format: | Book |
| Language: | Greek |
| Published: |
Αθήνα :
Ελληνικά Γράμματα,
|
| Subjects: | |
| Tags: |
Add Tag
No Tags, Be the first to tag this record!
|
MARC
| LEADER | 00000nam a2200000 i 4500 | ||
|---|---|---|---|
| 001 | 1/69253 | ||
| 008 | 071229s2000 gre d | ||
| 020 | |a 960-393-228-0 | ||
| 035 | |l 10093371 | ||
| 040 | |a GR-MY-UA |b gre |e aacr | ||
| 041 | 0 | |a gre | |
| 082 | 0 | |a 123.5 |2 (22) | |
| 100 | 1 | |a Παπαρίζος, Αντώνης. | |
| 245 | 1 | 2 | |a Η ελευθερία ενώπιον του θανάτου / |c Αντώνης Παπαρίζος |
| 260 | |a Αθήνα : |b Ελληνικά Γράμματα, | ||
| 300 | |a 91 σ.; |c 21 εκ. | ||
| 504 | |a Βιβλιογραφία: [89]-91 | ||
| 650 | 0 | 0 | |a Liberty. |
| 650 | 0 | 0 | |a Free will and determinism. |
| 852 | |a INST |b RHODES |e 20071229 |h 123.5 ΠΑΠ |p 005400030281 |q 005400030281 |t BK |y 0 | ||
| 901 | |a BIBL4-2007-3 | ||
| 909 | |a Ρ |b 141685 | ||
| 922 | |a 4ΕΛΗ |b 200711 |c ΕΠΕΑΕΚ2/ΠΤΔΕ |d Σ. ΠΑΤΑΚΗΣ | ||
| 970 | |a ΚΟΖΑ |b ΜΑΡΙΑ |z 2007/12/29 | ||